[Event "DSJ Weihnachtsturnier U20w 2020"]
[Site "https://play.chessbase.com/en/play?room=DSJWeihnachtU20w"]
[Date "2020.12.29"]
[Round "6"]
[White "Zöllner, Bente"]
[Black "Kalina, Lena"]
[Result "0-1"]
[Termination "normal"]
[Board "3.2"]
[WhiteElo "1614"]
[BlackElo "1585"]
[WhiteTeam "SC Papenburg"]
[BlackTeam "SC Landskrone"]
[PlyCount "92"]
[WhiteFideId "16230523"]
[BlackFideId "12988014"]
[EventRounds "7"]
[EventType "team-swiss"]
[EventDate "2020.12.29"]

1. d4 {[%emt 0:00:06]} Nf6 {[%emt 0:00:03]} 2. Nf3 {[%emt 0:00:03]} g6 { [%emt
0:00:03]} 3. c4 {[%emt 0:00:03]} Bg7 {[%emt 0:00:02]} 4. Nc3 {[%emt 0:00: 02]}
O-O {[%emt 0:00:02]} 5. e4 {[%emt 0:00:03]} d6 {[%emt 0:00:03]} 6. h3 { [%emt
0:00:03]} Nbd7 {[%emt 0:00:08]} 7. Be3 {[%emt 0:00:04]} e5 {[%emt 0:00: 03]} 8.
d5 {[%emt 0:00:04]} Ne8 {[%emt 0:00:11]} 9. g4 {[%emt 0:00:13]} a5 { [%emt
0:00:19]} 10. Bd3 {[%emt 0:00:14]} b6 {[%emt 0:00:10]} 11. O-O {[%emt 0:
00:09]} Nc5 {[%emt 0:00:05]} 12. Bc2 {[%emt 0:00:06]} f5 {[%emt 0:00:06]} 13.
gxf5 {[%emt 0:00:11]} gxf5 {[%emt 0:00:03]} 14. Kh2 {[%emt 0:00:08]} fxe4 {
[%emt 0:00:11]} 15. Nxe4 {[%emt 0:00:08]} Nxe4 {[%emt 0:00:22]} 16. Bxe4 {
[%emt 0:00:05]} Nf6 {[%emt 0:00:03]} 17. Bc2 {[%emt 0:00:15]} Qd7 {[%emt 0:00:
08]} 18. Ng5 {[%emt 0:00:25]} Qe7 {[%emt 0:00:11]} 19. Ne4 {[%emt 0:00:18]}
Nxe4 {[%emt 0:00:06]} 20. Bxe4 {[%emt 0:00:00]} Qh4 {[%emt 0:00:03]} 21. Bg2 {
[%emt 0:00:23]} Rf6 {[%emt 0:00:07]} 22. Qd2 {[%emt 0:00:25]} Rg6 {[%emt 0:00:
09]} 23. f3 {[%emt 0:00:43]} Bd7 {[%emt 0:00:35]} 24. Bf2 {[%emt 0:00:37]} Qh5
{[%emt 0:01:07]} 25. h4 {[%emt 0:00:57]} Bh6 {[%emt 0:00:06]} 26. Qd3 {[%emt 0:
00:10]} Bf4+ {[%emt 0:00:10]} 27. Kh1 {[%emt 0:00:11]} Bf5 {[%emt 0:00:33]} 28.
Qe2 {[%emt 0:00:16]} Kh8 {[%emt 0:00:26]} 29. Rg1 {[%emt 0:00:41]} Rag8 { [%emt
0:00:24]} 30. Bf1 {[%emt 0:00:52]} Rxg1+ {[%emt 0:00:16]} 31. Bxg1 { [%emt
0:00:13]} Qxh4+ {[%emt 0:00:09]} 32. Bh2 {[%emt 0:00:03]} Rg6 {[%emt 0: 00:25]}
33. Rd1 {[%emt 0:00:44]} Rh6 {[%emt 0:00:28]} 34. Rd2 {[%emt 0:00:14]} Bxd2
{[%emt 0:00:04]} 35. Qxd2 {[%emt 0:00:01]} Qh5 {[%emt 0:00:39]} 36. Qg2 { [%emt
0:00:15]} Rg6 {[%emt 0:00:26]} 37. Qf2 {[%emt 0:00:08]} Bh3 {[%emt 0:00: 32]}
38. Bd3 {[%emt 0:00:10]} Rf6 {[%emt 0:00:25]} 39. Be2 {[%emt 0:00:11]} Qh6
{[%emt 0:00:27]} 40. Bd3 {[%emt 0:00:21]} Qc1+ {[%emt 0:00:09]} 41. Bg1 { [%emt
0:00:03]} Rh6 {[%emt 0:00:14]} 42. Kh2 {[%emt 0:00:06]} Bf5+ {[%emt 0:00: 07]}
43. Kg3 {[%emt 0:00:05]} Qf4+ {[%emt 0:00:05]} 44. Kg2 {[%emt 0:00:04]} Rg6+
{[%emt 0:00:07]} 45. Kf1 {[%emt 0:00:13]} Bxd3+ {[%emt 0:00:02]} 46. Ke1 {
[%emt 0:00:02]} Qc1# {[%emt 0:00:03]} 0-1

[Event "DSJ Weihnachtsturnier U20w 2020"]
[Site "https://play.chessbase.com/en/play?room=DSJWeihnachtU20w"]
[Date "2020.12.29"]
[Round "6"]
[White "Müller, Riyanna"]
[Black "Evering, Enna"]
[Result "1-0"]
[Termination "normal"]
[Board "3.3"]
[WhiteElo "1364"]
[BlackElo "1568"]
[WhiteTeam "SC Landskrone"]
[BlackTeam "SC Papenburg"]
[PlyCount "127"]
[WhiteFideId "16287401"]
[BlackFideId "16218213"]
[EventRounds "7"]
[EventType "team-swiss"]
[EventDate "2020.12.29"]

1. e4 {[%emt 0:00:05]} e5 {[%emt 0:00:02]} 2. Nf3 {[%emt 0:00:03]} Nc6 { [%emt
0:00:02]} 3. Bc4 {[%emt 0:00:03]} Nf6 {[%emt 0:00:03]} 4. Ng5 {[%emt 0: 00:03]}
d5 {[%emt 0:00:05]} 5. exd5 {[%emt 0:00:02]} b5 {[%emt 0:00:03]} 6. dxc6 {[%emt
0:00:14]} bxc4 {[%emt 0:00:02]} 7. Nc3 {[%emt 0:00:08]} Nd5 { [%emt 0:00:22]}
8. Nge4 {[%emt 0:00:27]} Nxc3 {[%emt 0:00:36]} 9. Nxc3 { [%emt 0:00:02]} Bd6
{[%emt 0:00:08]} 10. Qe2 {[%emt 0:00:06]} Be6 {[%emt 0:00: 08]} 11. d3 {[%emt
0:00:20]} cxd3 {[%emt 0:00:04]} 12. cxd3 {[%emt 0:00:02]} O-O {[%emt 0:00:12]}
13. O-O {[%emt 0:00:06]} Re8 {[%emt 0:00:22]} 14. Be3 { [%emt 0:00:41]} Bb4
{[%emt 0:00:40]} 15. a3 {[%emt 0:00:13]} Bxc3 {[%emt 0:00: 26]} 16. bxc3 {[%emt
0:00:02]} Qd6 {[%emt 0:00:03]} 17. c4 {[%emt 0:00:24]} Qxc6 {[%emt 0:00:05]}
18. Rab1 {[%emt 0:00:08]} a6 {[%emt 0:00:04]} 19. Rb3 { [%emt 0:00:17]} Rab8
{[%emt 0:00:05]} 20. Rfb1 {[%emt 0:00:06]} Rxb3 {[%emt 0: 00:08]} 21. Rxb3
{[%emt 0:00:02]} Qa4 {[%emt 0:00:13]} 22. Qb2 {[%emt 0:00:06]} Bd7 {[%emt
0:00:18]} 23. h3 {[%emt 0:00:15]} h6 {[%emt 0:00:27]} 24. Bd2 { [%emt 0:00:12]}
Re6 {[%emt 0:00:42]} 25. Rb4 {[%emt 0:00:14]} Rb6 {[%emt 0:00: 10]} 26. Rxb6
{[%emt 0:00:19]} cxb6 {[%emt 0:00:03]} 27. Qxb6 {[%emt 0:00:02]} Qd1+ {[%emt
0:00:03]} 28. Kh2 {[%emt 0:00:03]} Qxd2 {[%emt 0:00:02]} 29. Qd8+ { [%emt
0:00:02]} Kh7 {[%emt 0:00:01]} 30. Qxd7 {[%emt 0:00:01]} Qxf2 {[%emt 0: 00:06]}
31. Qd6 {[%emt 0:00:10]} Qf4+ {[%emt 0:00:06]} 32. Kg1 {[%emt 0:00:13]} Qe3+
{[%emt 0:00:17]} 33. Kh2 {[%emt 0:00:09]} e4 {[%emt 0:00:03]} 34. dxe4 { [%emt
0:00:17]} Qxe4 {[%emt 0:00:05]} 35. Qxa6 {[%emt 0:00:10]} Qf4+ {[%emt 0:
00:01]} 36. Kg1 {[%emt 0:00:04]} Qe3+ {[%emt 0:00:07]} 37. Kf1 {[%emt 0:00:04]}
Qd3+ {[%emt 0:00:11]} 38. Kf2 {[%emt 0:00:04]} Qd4+ {[%emt 0:00:04]} 39. Kf3 {
[%emt 0:00:06]} Kg8 {[%emt 0:00:14]} 40. Qa8+ {[%emt 0:00:10]} Kh7 {[%emt 0:00:
03]} 41. Qe4+ {[%emt 0:00:01]} Qxe4+ {[%emt 0:00:07]} 42. Kxe4 {[%emt 0:00:00]}
Kg6 {[%emt 0:00:14]} 43. a4 {[%emt 0:00:07]} Kh5 {[%emt 0:00:01]} 44. a5 {
[%emt 0:00:03]} Kh4 {[%emt 0:00:01]} 45. a6 {[%emt 0:00:01]} Kg3 {[%emt 0:00:
01]} 46. a7 {[%emt 0:00:01]} Kxg2 {[%emt 0:00:01]} 47. a8=Q {[%emt 0:00:01]}
Kxh3 {[%emt 0:00:01]} 48. Qg8 {[%emt 0:00:01]} g5 {[%emt 0:00:03]} 49. Qxf7 {
[%emt 0:00:01]} g4 {[%emt 0:00:02]} 50. Qh5+ {[%emt 0:00:01]} Kg3 {[%emt 0:00:
05]} 51. Qxh6 {[%emt 0:00:01]} Kg2 {[%emt 0:00:01]} 52. Qg5 {[%emt 0:00:01]} g3
{[%emt 0:00:01]} 53. Qxg3+ {[%emt 0:00:01]} Kxg3 {[%emt 0:00:02]} 54. c5 {
[%emt 0:00:00]} Kg4 {[%emt 0:00:01]} 55. c6 {[%emt 0:00:09]} Kg5 {[%emt 0:00:
01]} 56. c7 {[%emt 0:00:01]} Kf6 {[%emt 0:00:01]} 57. c8=Q {[%emt 0:00:01]} Kg5
{[%emt 0:00:02]} 58. Qf8 {[%emt 0:00:04]} Kg6 {[%emt 0:00:03]} 59. Ke5 { [%emt
0:00:02]} Kh7 {[%emt 0:00:03]} 60. Qf1 {[%emt 0:00:14]} Kg6 {[%emt 0:00: 03]}
61. Qf6+ {[%emt 0:00:06]} Kh5 {[%emt 0:00:02]} 62. Qg7 {[%emt 0:00:02]} Kh4
{[%emt 0:00:02]} 63. Kf4 {[%emt 0:00:01]} Kh3 {[%emt 0:00:01]} 64. Qg3# { [%emt
0:00:01]} 1-0

[Event "DSJ Weihnachtsturnier U20w 2020"]
[Site "https://play.chessbase.com/en/play?room=DSJWeihnachtU20w"]
[Date "2020.12.29"]
[Round "6"]
[White "Evering, Kira"]
[Black "Hartmann, Hannah"]
[Result "1-0"]
[Termination "normal"]
[Board "3.4"]
[WhiteElo "1386"]
[BlackElo "1327"]
[WhiteTeam "SC Papenburg"]
[BlackTeam "SC Landskrone"]
[PlyCount "77"]
[WhiteFideId "16218221"]
[BlackFideId "16235274"]
[EventRounds "7"]
[EventType "team-swiss"]
[EventDate "2020.12.29"]

1. e4 {[%emt 0:00:04]} e5 {[%emt 0:00:02]} 2. Nf3 {[%emt 0:00:02]} Nc6 { [%emt
0:00:03]} 3. d4 {[%emt 0:00:02]} exd4 {[%emt 0:00:03]} 4. Nxd4 {[%emt 0:
00:02]} Nge7 {[%emt 0:00:16]} 5. Nc3 {[%emt 0:00:05]} g6 {[%emt 0:00:03]} 6.
Be3 {[%emt 0:00:04]} Bg7 {[%emt 0:00:03]} 7. Qd2 {[%emt 0:00:05]} d6 {[%emt 0:
00:07]} 8. Bc4 {[%emt 0:00:12]} O-O {[%emt 0:00:03]} 9. Bb3 {[%emt 0:00:06]}
Nxd4 {[%emt 0:00:15]} 10. Bxd4 {[%emt 0:00:05]} Bxd4 {[%emt 0:00:03]} 11. Qxd4
{[%emt 0:00:02]} Nc6 {[%emt 0:00:02]} 12. Qd2 {[%emt 0:00:07]} Re8 {[%emt 0:00:
07]} 13. f3 {[%emt 0:00:01]} Be6 {[%emt 0:00:12]} 14. Bd5 {[%emt 0:00:19]} Qd7
{[%emt 0:00:17]} 15. O-O-O {[%emt 0:00:07]} Rab8 {[%emt 0:00:24]} 16. Kb1 {
[%emt 0:00:11]} Nb4 {[%emt 0:00:08]} 17. a3 {[%emt 0:00:30]} Nxd5 {[%emt 0:00:
04]} 18. Nxd5 {[%emt 0:00:02]} Bxd5 {[%emt 0:00:07]} 19. Qxd5 {[%emt 0:00:05]}
Re5 {[%emt 0:00:20]} 20. Qxe5 {[%emt 0:00:11]} dxe5 {[%emt 0:00:09]} 21. Rxd7 {
[%emt 0:00:02]} c6 {[%emt 0:00:03]} 22. Rhd1 {[%emt 0:00:03]} Kf8 {[%emt 0:00:
18]} 23. Rc7 {[%emt 0:00:04]} Ke8 {[%emt 0:00:06]} 24. Rdd7 {[%emt 0:00:04]}
Rd8 {[%emt 0:00:22]} 25. Rxd8+ {[%emt 0:00:06]} Kxd8 {[%emt 0:00:02]} 26. Rxb7
{[%emt 0:00:02]} Ke8 {[%emt 0:00:02]} 27. Rxa7 {[%emt 0:00:02]} Kf8 {[%emt 0:
00:01]} 28. Rc7 {[%emt 0:00:02]} Kg7 {[%emt 0:00:02]} 29. Rxc6 {[%emt 0:00:01]}
h6 {[%emt 0:00:03]} 30. a4 {[%emt 0:00:01]} Kf8 {[%emt 0:00:07]} 31. a5 { [%emt
0:00:01]} Ke7 {[%emt 0:00:01]} 32. a6 {[%emt 0:00:01]} Kd7 {[%emt 0:00: 02]}
33. Rc3 {[%emt 0:00:02]} Ke6 {[%emt 0:00:03]} 34. a7 {[%emt 0:00:01]} f6 {
[%emt 0:00:01]} 35. a8=Q {[%emt 0:00:02]} f5 {[%emt 0:00:02]} 36. Qe8+ { [%emt
0:00:04]} Kf6 {[%emt 0:00:02]} 37. exf5 {[%emt 0:00:10]} Kxf5 {[%emt 0: 00:04]}
38. Re3 {[%emt 0:00:06]} h5 {[%emt 0:00:07]} 39. Qxe5# {[%emt 0:00:02]} 1-0

[Event "DSJ Weihnachtsturnier U20w 2020"]
[Site "https://play.chessbase.com/en/play?room=DSJWeihnachtU20w"]
[Date "2020.12.29"]
[Round "6"]
[White "Möller, Lisa-Marie"]
[Black "Fischer, Darja"]
[Result "0-1"]
[Termination "normal"]
[Board "4.1"]
[WhiteElo "1900"]
[BlackElo "1559"]
[WhiteTeam "Düsseldorfer Schachklub 14/25"]
[BlackTeam "Karlsruher SF 1853"]
[PlyCount "54"]
[WhiteFideId "12959367"]
[BlackFideId "16240898"]
[EventRounds "7"]
[EventType "team-swiss"]
[EventDate "2020.12.29"]

1. e4 {[%emt 0:00:02]} c5 {[%emt 0:00:01]} 2. Nf3 {[%emt 0:00:02]} a6 {[%emt 0:
00:01]} 3. c4 {[%emt 0:00:09]} e6 {[%emt 0:00:02]} 4. d4 {[%emt 0:00:04]} cxd4
{[%emt 0:00:02]} 5. Nxd4 {[%emt 0:00:01]} Nf6 {[%emt 0:00:01]} 6. f3 {[%emt 0:
00:01]} Be7 {[%emt 0:00:04]} 7. Nc3 {[%emt 0:00:04]} Qc7 {[%emt 0:00:01]} 8.
Be3 {[%emt 0:00:05]} O-O {[%emt 0:00:02]} 9. Be2 {[%emt 0:00:02]} Nc6 {[%emt 0:
00:08]} 10. Qd2 {[%emt 0:00:09]} b6 {[%emt 0:00:06]} 11. O-O {[%emt 0:00:03]}
Bb7 {[%emt 0:00:02]} 12. Rac1 {[%emt 0:00:03]} Rac8 {[%emt 0:00:04]} 13. Rfd1 {
[%emt 0:00:08]} Rfd8 {[%emt 0:00:02]} 14. Nc2 {[%emt 0:00:11]} Ne5 {[%emt 0:00:
17]} 15. b3 {[%emt 0:01:59]} b5 {[%emt 0:00:44]} 16. Bd4 {[%emt 0:00:53]} Bc5 {
[%emt 0:00:24]} 17. cxb5 {[%emt 0:00:20]} axb5 {[%emt 0:01:16]} 18. Nxb5 {
[%emt 0:00:13]} Qb6 {[%emt 0:00:19]} 19. Kh1 {[%emt 0:00:18]} Bxd4 {[%emt 0:00:
51]} 20. Ncxd4 {[%emt 0:00:14]} d5 {[%emt 0:00:07]} 21. exd5 {[%emt 0:00:16]}
Nxd5 {[%emt 0:00:12]} 22. Nc3 {[%emt 0:00:18]} Nxc3 {[%emt 0:00:20]} 23. Rxc3 {
[%emt 0:00:03]} Nc6 {[%emt 0:00:02]} 24. Rc4 {[%emt 0:03:35]} e5 {[%emt 0:00:
37]} 25. Qe3 {[%emt 0:01:23]} exd4 {[%emt 0:00:14]} 26. Qg5 {[%emt 0:00:04]}
Ba6 {[%emt 0:00:16]} 27. Rc2 {[%emt 0:00:13]} d3 {[%emt 0:00:18]} 0-1

[Event "DSJ Weihnachtsturnier U20w 2020"]
[Site "https://play.chessbase.com/en/play?room=DSJWeihnachtU20w"]
[Date "2020.12.29"]
[Round "6"]
[White "Schulz, Hannah"]
[Black "Rudolph, Eva"]
[Result "1-0"]
[Termination "normal"]
[Board "4.2"]
[WhiteElo "1539"]
[BlackElo "1860"]
[WhiteTeam "Karlsruher SF 1853"]
[BlackTeam "Düsseldorfer Schachklub 14/25"]
[PlyCount "121"]
[WhiteFideId "16244745"]
[BlackFideId "16200594"]
[EventRounds "7"]
[EventType "team-swiss"]
[EventDate "2020.12.29"]

1. e4 {[%emt 0:00:07]} c5 {[%emt 0:00:02]} 2. Nf3 {[%emt 0:00:02]} e6 {[%emt 0:
00:02]} 3. d4 {[%emt 0:00:01]} cxd4 {[%emt 0:00:02]} 4. Nxd4 {[%emt 0:00:00]}
a6 {[%emt 0:00:02]} 5. Nc3 {[%emt 0:00:03]} Qc7 {[%emt 0:00:02]} 6. Bd3 { [%emt
0:00:21]} Nc6 {[%emt 0:00:24]} 7. Nb3 {[%emt 0:00:11]} Nf6 {[%emt 0:00: 15]} 8.
O-O {[%emt 0:00:09]} Be7 {[%emt 0:00:12]} 9. Kh1 {[%emt 0:00:11]} b5 { [%emt
0:00:12]} 10. a3 {[%emt 0:00:09]} Bb7 {[%emt 0:00:03]} 11. f4 {[%emt 0: 00:07]}
O-O {[%emt 0:00:27]} 12. e5 {[%emt 0:00:13]} Ne8 {[%emt 0:00:48]} 13. Ne4
{[%emt 0:00:26]} d6 {[%emt 0:00:10]} 14. Nxd6 {[%emt 0:00:17]} Nxd6 { [%emt
0:00:03]} 15. exd6 {[%emt 0:00:03]} Qxd6 {[%emt 0:00:27]} 16. Be3 { [%emt
0:00:22]} Qd5 {[%emt 0:00:39]} 17. Qe2 {[%emt 0:00:25]} e5 {[%emt 0:00: 53]}
18. fxe5 {[%emt 0:00:10]} Nxe5 {[%emt 0:00:19]} 19. Bf5 {[%emt 0:00:27]} Bf6
{[%emt 0:00:31]} 20. Na5 {[%emt 0:00:14]} Bc8 {[%emt 0:00:19]} 21. Bxc8 { [%emt
0:00:06]} Raxc8 {[%emt 0:00:05]} 22. Rad1 {[%emt 0:00:15]} Qe6 {[%emt 0:
00:31]} 23. Bd4 {[%emt 0:00:37]} Rfe8 {[%emt 0:00:18]} 24. Nb3 {[%emt 0:00:27]}
Ng4 {[%emt 0:00:29]} 25. Qxe6 {[%emt 0:00:17]} Rxe6 {[%emt 0:00:02]} 26. Bxf6 {
[%emt 0:00:07]} Nxf6 {[%emt 0:00:05]} 27. Kg1 {[%emt 0:00:43]} Re2 {[%emt 0:00:
21]} 28. Nd4 {[%emt 0:00:06]} Re4 {[%emt 0:00:26]} 29. c3 {[%emt 0:00:06]} h6 {
[%emt 0:00:05]} 30. Rde1 {[%emt 0:00:10]} Rce8 {[%emt 0:00:09]} 31. Rxe4 {
[%emt 0:00:10]} Rxe4 {[%emt 0:00:04]} 32. h3 {[%emt 0:00:39]} Kf8 {[%emt 0:00:
03]} 33. Kf2 {[%emt 0:00:28]} Nd5 {[%emt 0:00:22]} 34. Re1 {[%emt 0:00:20]}
Rxe1 {[%emt 0:00:36]} 35. Kxe1 {[%emt 0:00:05]} Ke7 {[%emt 0:00:03]} 36. Ke2 {
[%emt 0:00:02]} Kf6 {[%emt 0:00:05]} 37. Kf3 {[%emt 0:00:01]} Ke5 {[%emt 0:00:
06]} 38. Nc6+ {[%emt 0:00:05]} Kd6 {[%emt 0:00:02]} 39. Na5 {[%emt 0:00:53]}
Kc5 {[%emt 0:00:15]} 40. Ke4 {[%emt 0:00:10]} Nb6 {[%emt 0:00:11]} 41. b4+ {
[%emt 0:00:08]} Kd6 {[%emt 0:00:04]} 42. Nb7+ {[%emt 0:00:02]} Kc6 {[%emt 0:00:
09]} 43. Nc5 {[%emt 0:00:03]} a5 {[%emt 0:00:02]} 44. bxa5 {[%emt 0:00:04]}
Kxc5 {[%emt 0:00:30]} 45. axb6 {[%emt 0:00:03]} Kxb6 {[%emt 0:00:01]} 46. Kd5 {
[%emt 0:00:02]} Ka5 {[%emt 0:00:03]} 47. Kc5 {[%emt 0:00:07]} Ka4 {[%emt 0:00:
02]} 48. g4 {[%emt 0:00:02]} g6 {[%emt 0:00:08]} 49. c4 {[%emt 0:00:04]} bxc4 {
[%emt 0:00:04]} 50. Kxc4 {[%emt 0:00:00]} Kxa3 {[%emt 0:00:01]} 51. Kd4 { [%emt
0:00:01]} Kb4 {[%emt 0:00:01]} 52. Ke5 {[%emt 0:00:01]} Kc5 {[%emt 0:00: 05]}
53. Kf6 {[%emt 0:00:03]} h5 {[%emt 0:00:04]} 54. Kxf7 {[%emt 0:00:03]} hxg4
{[%emt 0:00:08]} 55. hxg4 {[%emt 0:00:00]} g5 {[%emt 0:00:03]} 56. Kf6 { [%emt
0:00:02]} Kd6 {[%emt 0:00:02]} 57. Kxg5 {[%emt 0:00:01]} Ke7 {[%emt 0:00: 01]}
58. Kg6 {[%emt 0:00:02]} Kf8 {[%emt 0:00:01]} 59. Kh7 {[%emt 0:00:01]} Kf7
{[%emt 0:00:01]} 60. g5 {[%emt 0:00:01]} Ke6 {[%emt 0:00:02]} 61. g6 {[%emt 0:
00:00]} 1-0

[Event "DSJ Weihnachtsturnier U20w 2020"]
[Site "https://play.chessbase.com/en/play?room=DSJWeihnachtU20w"]
[Date "2020.12.29"]
[Round "6"]
[White "Sokolowski, Judith"]
[Black "Haug, Mara"]
[Result "1-0"]
[Termination "normal"]
[Board "4.3"]
[WhiteElo "1761"]
[BlackElo "1379"]
[WhiteTeam "Düsseldorfer Schachklub 14/25"]
[BlackTeam "Karlsruher SF 1853"]
[PlyCount "49"]
[WhiteFideId "16200624"]
[BlackFideId "16259300"]
[EventRounds "7"]
[EventType "team-swiss"]
[EventDate "2020.12.29"]

1. e4 {[%emt 0:00:04]} c5 {[%emt 0:00:03]} 2. c3 {[%emt 0:00:02]} d5 {[%emt 0:
00:03]} 3. exd5 {[%emt 0:00:04]} Qxd5 {[%emt 0:00:00]} 4. d4 {[%emt 0:00:02]}
Nc6 {[%emt 0:00:02]} 5. Nf3 {[%emt 0:00:10]} Bg4 {[%emt 0:00:06]} 6. Nbd2 {
[%emt 0:01:00]} cxd4 {[%emt 0:00:11]} 7. cxd4 {[%emt 0:00:08]} Nxd4 {[%emt 0:
00:06]} 8. Qa4+ {[%emt 0:00:21]} b5 {[%emt 0:00:59]} 9. Qxd4 {[%emt 0:00:14]}
Bxf3 {[%emt 0:01:25]} 10. Nxf3 {[%emt 0:00:08]} Qb7 {[%emt 0:00:18]} 11. Be2 {
[%emt 0:00:31]} Rd8 {[%emt 0:00:10]} 12. Qe5 {[%emt 0:00:23]} e6 {[%emt 0:01:
05]} 13. Bxb5+ {[%emt 0:00:14]} Ke7 {[%emt 0:00:46]} 14. Qc5+ {[%emt 0:00:28]}
Rd6 {[%emt 0:00:16]} 15. Bf4 {[%emt 0:00:18]} Qe4+ {[%emt 0:00:50]} 16. Be3 {
[%emt 0:00:59]} Kd8 {[%emt 0:00:43]} 17. O-O {[%emt 0:00:31]} Nf6 {[%emt 0:00:
26]} 18. Qxa7 {[%emt 0:00:12]} Nd7 {[%emt 0:00:49]} 19. Rad1 {[%emt 0:01:03]}
Qb4 {[%emt 0:01:27]} 20. Bxd7 {[%emt 0:00:24]} Qe4 {[%emt 0:00:49]} 21. Rxd6 {
[%emt 0:00:22]} Bxd6 {[%emt 0:00:00]} 22. Rd1 {[%emt 0:00:41]} Rf8 {[%emt 0:00:
03]} 23. Bb5 {[%emt 0:00:27]} Qf5 {[%emt 0:00:05]} 24. Rxd6+ {[%emt 0:00:04]}
Kc8 {[%emt 0:00:02]} 25. Ba6# {[%emt 0:00:08]} 1-0

[Event "DSJ Weihnachtsturnier U20w 2020"]
[Site "https://play.chessbase.com/en/play?room=DSJWeihnachtU20w"]
[Date "2020.12.29"]
[Round "6"]
[White "Hoffmann, Sophia"]
[Black "Kogan, Dina Rachel"]
[Result "0-1"]
[Termination "normal"]
[Board "4.4"]
[WhiteElo "1266"]
[BlackElo "1360"]
[WhiteTeam "Karlsruher SF 1853"]
[BlackTeam "Düsseldorfer Schachklub 14/25"]
[PlyCount "98"]
[WhiteFideId "16259130"]
[BlackFideId "16200608"]
[EventRounds "7"]
[EventType "team-swiss"]
[EventDate "2020.12.29"]

1. d4 {[%emt 0:00:18]} Nf6 {[%emt 0:00:03]} 2. Bf4 {[%emt 0:00:05]} g6 {[%emt
0:00:03]} 3. Nf3 {[%emt 0:00:03]} Bg7 {[%emt 0:00: 05]} 4. e3 {[%emt 0:00:02]}
O-O {[%emt 0:00:04]} 5. Bd3 {[%emt 0:00:04]} d6 { [%emt 0:00:03]} 6. O-O {[%emt
0:00:04]} Nbd7 {[%emt 0:00:06]} 7. Nbd2 {[%emt 0: 00:01]} Re8 {[%emt 0:00:07]}
8. Re1 {[%emt 0:00:13]} e5 {[%emt 0:00:03]} 9. dxe5 {[%emt 0:00:02]} dxe5
{[%emt 0:00:02]} 10. Bg3 {[%emt 0:00:30]} e4 { [%emt 0:00:03]} 11. Bxe4 {[%emt
0:00:22]} Nxe4 {[%emt 0:00:03]} 12. Nxe4 { [%emt 0:00:02]} Rxe4 {[%emt
0:00:03]} 13. Qd5 {[%emt 0:00:05]} Re8 {[%emt 0:00: 31]} 14. Rad1 {[%emt
0:00:09]} c6 {[%emt 0:00:08]} 15. Qb3 {[%emt 0:00:05]} Qb6 {[%emt 0:00:06]} 16.
Qc4 {[%emt 0:00:34]} Nf6 {[%emt 0:00:31]} 17. Ng5 { [%emt 0:00:18]} Be6 {[%emt
0:00:13]} 18. Nxe6 {[%emt 0:00:18]} Rxe6 {[%emt 0: 00:03]} 19. b3 {[%emt
0:00:05]} Ne4 {[%emt 0:01:04]} 20. Bf4 {[%emt 0:00:15]} Nc3 {[%emt 0:00:27]}
21. Rd3 {[%emt 0:00:36]} Qb5 {[%emt 0:00:11]} 22. Rxc3 { [%emt 0:00:35]} Bxc3
{[%emt 0:00:04]} 23. Qxc3 {[%emt 0:00:03]} Rd8 {[%emt 0: 00:36]} 24. Bh6 {[%emt
0:00:06]} Qe5 {[%emt 0:00:05]} 25. Qb4 {[%emt 0:00:15]} g5 {[%emt 0:00:19]} 26.
f4 {[%emt 0:00:17]} gxf4 {[%emt 0:01:30]} 27. Bxf4 { [%emt 0:00:10]} Qb5 {[%emt
0:00:09]} 28. Qc3 {[%emt 0:00:16]} Qh5 {[%emt 0:00: 18]} 29. Rf1 {[%emt
0:00:34]} Rg6 {[%emt 0:00:10]} 30. Rf3 {[%emt 0:00:04]} Qg4 {[%emt 0:00:29]}
31. Rg3 {[%emt 0:00:23]} Qd1+ {[%emt 0:00:03]} 32. Kf2 { [%emt 0:00:14]} Rd2+
{[%emt 0:00:03]} 33. Qxd2 {[%emt 0:00:04]} Qxd2+ {[%emt 0: 00:02]} 34. Kf3
{[%emt 0:00:01]} Rxg3+ {[%emt 0:00:01]} 35. Bxg3 {[%emt 0:00: 01]} Qxc2 {[%emt
0:00:02]} 36. Kf4 {[%emt 0:00:04]} Qxa2 {[%emt 0:00:05]} 37. Kf5 {[%emt
0:00:00]} Qxb3 {[%emt 0:00:02]} 38. Ke5 {[%emt 0:00:12]} Qd5+ { [%emt 0:00:03]}
39. Kf6 {[%emt 0:00:05]} a5 {[%emt 0:00:07]} 40. Be1 {[%emt 0: 00:16]} a4
{[%emt 0:00:03]} 41. Bb4 {[%emt 0:00:15]} b6 {[%emt 0:00:18]} 42. g4 {[%emt
0:00:07]} c5 {[%emt 0:00:02]} 43. Ba3 {[%emt 0:00:03]} Qe6+ {[%emt 0:00: 12]}
44. Kg5 {[%emt 0:00:17]} Qxe3+ {[%emt 0:00:02]} 45. Kh4 {[%emt 0:00:02]} Qxa3
{[%emt 0:00:02]} 46. g5 {[%emt 0:00:05]} Qb4+ {[%emt 0:00:04]} 47. Kh5 { [%emt
0:00:04] Karlsru3-004 offers a draw} a3 {[%emt 0:00:08]} 48. h4 {[%emt 0:
00:06]} a2 {[%emt 0:00:03]} 49. Kh6 {[%emt 0:00:13]} Qxh4# {[%emt 0:00:03]